ბათუმის შოთა რუსთაველის სახელმწიფო უნივერსიტეტის ბიბლიოთეკა

JACQUOT AND THE ANGEL. (ბიბ.ჩანაწერი № 46219)

000 -LEADER
fixed length control field 00451nam a2200205Ia 4500
001 - CONTROL NUMBER
control field 13052
003 - CONTROL NUMBER IDENTIFIER
control field GE_BSU
008 - FIXED-LENGTH DATA ELEMENTS--GENERAL INFORMATION
fixed length control field 181216s||||||||xx |||||||||||||| ||und||
020 ## - INTERNATIONAL STANDARD BOOK NUMBER
International Standard Book Number 9780755322879
040 ## - CATALOGING SOURCE
Transcribing agency GE_BSU
080 ## - UNIVERSAL DECIMAL CLASSIFICATION NUMBER
Universal Decimal Classification number 821.111.3
100 ## - MAIN ENTRY--PERSONAL NAME
Personal name O'BRIEN,MARTIN.
245 ## - TITLE STATEMENT
Title JACQUOT AND THE ANGEL.
260 ## - PUBLICATION, DISTRIBUTION, ETC.
Place of publication, distribution, etc. LONDON.
260 ## - PUBLICATION, DISTRIBUTION, ETC.
Name of publisher, distributor, etc. HEADLINE.
260 ## - PUBLICATION, DISTRIBUTION, ETC.
Date of publication, distribution, etc. 2005
300 ## - PHYSICAL DESCRIPTION
Extent 538P;18CM.
653 ## - INDEX TERM--UNCONTROLLED
Uncontrolled term JACQUOT AND THE ANGEL.
942 ## - ADDED ENTRY ELEMENTS (KOHA)
Koha item type წიგნი
ეგზემპლარები
Withdrawn status Lost status Damaged status Not for loan Date acquired Barcode Date last seen Price effective from Koha item type
        2018-12-17 36578 2018-12-17 2018-12-17 წიგნი